| 000 | 00559nam a2200193 a 4500 | ||
|---|---|---|---|
| 001 | 000025558 | ||
| 005 | 20200930023857.0 | ||
| 008 | 110217s1968 xxua r 000 0 eng d | ||
| 020 | _z070079994 | ||
| 040 |
_aDO-SdBNP _bspa _cBNPHU |
||
| 082 |
_axxxx _bxxxx |
||
| 100 | 1 |
_aBroek, Jan O. M. _952229 |
|
| 245 | 1 | 2 |
_aA geography of mankind / _cJan O. M. Broek y John W. Webb. |
| 260 |
_aNew York : _bMcGraw-Hill, _c1968. |
||
| 300 |
_a527 p. : _bil. ; _c24 cm. |
||
| 500 | _aIncluye índice. | ||
| 590 | _aInventariado, 2019/BT | ||
| 700 | 1 |
_aWedd, John W. _952230 |
|
| 999 |
_c25050 _d25050 |
||